Mulching of vegetables (Record no. 19558)

MARC details
000 -LEADER
fixed length control field 00305nam a2200121Ia 4500
082 ## - DEWEY DECIMAL CLASSIFICATION NUMBER
Classification number 631.544.72:635.11.8
Item number ROW
100 ## - MAIN ENTRY--AUTHOR NAME
Personal name ROWE-DUTTON, Patricia
245 #0 - TITLE STATEMENT
Title Mulching of vegetables
260 ## - PUBLICATION, DISTRIBUTION, ETC. (IMPRINT)
Place of publication England
Name of publisher CAB
Year of publication 1957
650 ## - SUBJECT ADDED ENTRY--TOPICAL TERM
Topical Term Mulching
942 ## - ADDED ENTRY ELEMENTS (KOHA)
Koha item type Books
Holdings
Withdrawn status Lost status Damaged status Not for loan Home library Current library Date acquired Full call number Accession Number Koha item type
        RRII Library RRII Library 16/12/2021 631.544.72:635.11.8 ROW 00292 Books